Raja Dondang

Bibliographic Details
Format: Book
Published: Kuala Lumpur : DBP , 1994
Series:Siri cerita rakyat
Subjects:

MARC

LEADER 00000cam a2200000 7i4500
001 0000007423
002 000007981
005 20011120.0
020 |a 9836240586 
090 0 0 |a 398.45   |b RAJ 
245 0 0 |a Raja Dondang   |c diselenggarakan oleh Fauziah Kamarudin 
260 |a Kuala Lumpur :   |b DBP ,   |c 1994 
300 |a 82p. ;   |c 21cm. 
490 0 |a Siri cerita rakyat 
650 0 0 |a Children's stories 
999 |a 051442   |b BUKU   |c PINJAMAN   |e MOBILE LIBRARY PKPJ